|
|
|
|
| LEADER |
00000nam a2200000 a 4500 |
| 001 |
vtls001343303 |
| 003 |
SK-MaSNL |
| 005 |
20260301070158.0 |
| 008 |
240315s1956 xr 0 eng |
| 035 |
|
|
|a SNK000296472
|
| 040 |
|
|
|a SNK
|b slo
|c SNK
|e AACR2
|
| 044 |
|
|
|a xr
|c CZ
|
| 100 |
1 |
|
|a Vondra, Jiří
|4 aut
|9 385998
|
| 245 |
1 |
|
|a Injuries of the bones of the head
|b an atlas of clinical and X-ray diagnosis
|c by Jiří Vondra and Roman Bláha ; [z čes. orig. do angl.] translated by M. Schierlová
|
| 260 |
|
|
|a Prague
|b Artia
|c 1956
|
| 300 |
|
|
|a 304 s.
|c 8°
|
| 700 |
1 |
|
|a Bláha, Roman
|4 aut
|9 385999
|
| 700 |
1 |
|
|a Schierlová, M.
|4 trl
|9 386000
|
| 999 |
|
|
|c 633413
|d 635343
|
| 952 |
|
|
|t P60, <04>, [BOOK], {604}
|a SNK
|b SNK
|y VYP
|7 0
|o snkIC 18044
|0 0
|1 0
|4 0
|d 1998-09-28
|l 0
|r 2005-01-02 00:00:00
|w 2026-02-23
|